Competidores FMS España Temporada 4 - Estadísticas

Estadísticas generales
  • Esta prueba ha sido intentada 167 veces
  • La puntuación promedio es 9 de 10
Estadísticas de respuestas
Hint Respuesta % Correcto
. Bnet
98%
. Gazir
98%
. Blon
95%
. Sweet Pain
94%
. Zasko
93%
. Mr. Ego
91%
. Errecé
89%
. Mnak
89%
. Tirpa
89%
. Khan
80%
No se encontraron pruebas coincidentes
Distribución de puntuación
Porcentaje de gente con cada puntuación
Porcentaje por número respondido
Historial de tus puntuaciones
No has intentado esta prueba.